1631 1190 1284 1951 1020 1769 1119 1588 1476 1696 1150 1655 1962 1591 1301 1933 1526 1035 1825 1883 1760 1531 1143 1689 1823 1165 1852 1790 1749 1098 1136 1982 1154 1471 1003 1825 1005 1641 1475 1769 1714 1269 1755 1379 1439 1553 1509 1237 1551 1643 1062 1316 1824 1216 1287 1595 1921 1568 1923 1178 1424 1938 1265 1597 1885 1369 1707 1014 1643 1829 1217 1932 1288 1813 1446 1573 1722 1804 1686 1802 1641 1518 1857 1879 1765 1431 1131 1119 1863 1630 1923 1178 1714 1630 1383 1971 1603 1371 1021 BCNSPRNW ULIB Ver.6.0+V

เปลี่ยนเป็นภาษาไทย

Change to English
 แสดงรายละเอียดบรรณานุกรม
  กลับหน้าหลัก

Brief Record : Get Marc (ISO 2709) : E-mail record : QR code < ปิดหน้าต่าง
LEADER : 00000nam 2200000uu 4500
001    13399123977
003     ULIB
008    141217s2554||||th 000 0 tha d
020    9789746434577 (ล.1) :&^8225;c฿495.00
020    9786165051231 (ล.2)
020    9746434578 (ล.1)
060 04 WY160^bม246ก ล.1
110 2  มหาวิทยาลัยสุโขทัยธรรมาธิราช สาขาวิชาพยาบาลศาสตร์
245 10 เอกสารการสอนชุดวิชาการส่งเสริมสุขภาพจิตและการพยาบาลจิตเวช หน่วยที่ 1-7=^bMental health promotion and psychiatric nursing /^cสาขาวิชาพยาบาลศาสตร์ มหาวิทยาลัยสุโขทัยธรรมาธิราช
246 3  Mental health promotion and psychiatric nursing
250    พิมพ์ครั้งที่ 13
260    นนทบุรี :^bสาขาวิชาพยาบาลศาสตร์ มหาวิทยาลัยสุโขทัยธรรมาธิราช,^c2553
300    2 ล. :bภาพประกอบ
504    บรรณานุกรมท้ายบท
505    ล.1 หน่วยที่ 1-7-- ล.2 หน่วยที่ 8-15
650  4 aการพยาบาลจิตเวชศาสตร์
650  4 การส่งเสริมสุขภาพจิต
740 0  การส่งเสริมสุขภาพจิตและการพยาบาลจิตเวช
945    ^p495^l0^i037386
945    ^p495^l0^i037387
945    ^p495^l0^i037388
945    ^p495^l0^i037389
945    ^p495^l0^i037390
945    ^p495^l0^i037391
945    ^p495^l0^i037392
945    ^p495^l0^i037393
945    ^p495^l0^i037394
945    ^p495^l0^i037395
945    ^p495^l0^i037396
945    ^p495^l0^i037397
945    ^p495^l0^i037398
945    ^p495^l0^i037399
945    ^p495^l0^i037400
999    ^aเกษร โพธิ์สุวรรณ
รายการนี้ยังไม่มีแท็ก
คุณยังไม่ได้ล็อกอิน คุณสามารถมีกิจกรรมร่วมกับเว็บไซต์ได้ แต่ต้องล็อกอินก่อน ::
  ล็อกอิน

รายการสื่อสารสนเทศ

ลำดับที่ ประเภท เลขเรียก/บาร์โค้ด สถานที่ สถานะ
1. Book การพยาบาล
หนังสือสำรอง
สถานะ=หนังสือสำรอง
WY160 ม246ก ล.1 ฉ.1 
  Barcode: 037386
ห้องสมุดวิทยาเขตสวรรค์ประชารักษ์
►ส่วนจัดเก็บหนังสือเก่า สปร
บนชั้น
  ขอยืม
2. Book การพยาบาล
Book การพยาบาล
WY160 ม246ก ล.1 ฉ.10 
  Barcode: 037395
ห้องสมุดวิทยาเขตสวรรค์ประชารักษ์
►ส่วนจัดเก็บหนังสือเก่า สปร
บนชั้น
  ขอยืม
3. Book การพยาบาล
Book การพยาบาล
WY160 ม246ก ล.1 ฉ.11 
  Barcode: 037396
ห้องสมุดวิทยาเขตสวรรค์ประชารักษ์
►ส่วนจัดเก็บหนังสือเก่า สปร
บนชั้น
  ขอยืม
4. Book การพยาบาล
Book การพยาบาล
WY160 ม246ก ล.1 ฉ.12 
  Barcode: 037397
ห้องสมุดวิทยาเขตสวรรค์ประชารักษ์
►ส่วนจัดเก็บหนังสือเก่า สปร
บนชั้น
  ขอยืม
5. Book การพยาบาล
Book การพยาบาล
WY160 ม246ก ล.1 ฉ.13 
  Barcode: 037398
ห้องสมุดวิทยาเขตสวรรค์ประชารักษ์
►ส่วนจัดเก็บหนังสือเก่า สปร
บนชั้น
  ขอยืม
6. Book การพยาบาล
Book การพยาบาล
WY160 ม246ก ล.1 ฉ.14 
  Barcode: 037399
ห้องสมุดวิทยาเขตสวรรค์ประชารักษ์
►ส่วนจัดเก็บหนังสือเก่า สปร
บนชั้น
  ขอยืม
7. Book การพยาบาล
Book การพยาบาล
WY160 ม246ก ล.1 ฉ.15 
  Barcode: 037400
ห้องสมุดวิทยาเขตสวรรค์ประชารักษ์
►ส่วนจัดเก็บหนังสือเก่า สปร
บนชั้น
  ขอยืม
8. Book การพยาบาล
Book การพยาบาล
WY160 ม246ก ล.1 ฉ.2 
  Barcode: 037387
ห้องสมุดวิทยาเขตสวรรค์ประชารักษ์
►ส่วนจัดเก็บหนังสือเก่า สปร
บนชั้น
  ขอยืม
9. Book การพยาบาล
Book การพยาบาล
WY160 ม246ก ล.1 ฉ.3 
  Barcode: 037388
ห้องสมุดวิทยาเขตสวรรค์ประชารักษ์
►ส่วนจัดเก็บหนังสือเก่า สปร
บนชั้น
  ขอยืม
10. Book การพยาบาล
Book การพยาบาล
WY160 ม246ก ล.1 ฉ.4 
  Barcode: 037389
ห้องสมุดวิทยาเขตสวรรค์ประชารักษ์
►ส่วนจัดเก็บหนังสือเก่า สปร
บนชั้น
  ขอยืม
11. Book การพยาบาล
Book การพยาบาล
WY160 ม246ก ล.1 ฉ.5 
  Barcode: 037390
ห้องสมุดวิทยาเขตสวรรค์ประชารักษ์
►ส่วนจัดเก็บหนังสือเก่า สปร
บนชั้น
  ขอยืม
12. Book การพยาบาล
Book การพยาบาล
WY160 ม246ก ล.1 ฉ.6 
  Barcode: 037391
ห้องสมุดวิทยาเขตสวรรค์ประชารักษ์
►ส่วนจัดเก็บหนังสือเก่า สปร
บนชั้น
  ขอยืม
13. Book การพยาบาล
Book การพยาบาล
WY160 ม246ก ล.1 ฉ.7 
  Barcode: 037392
ห้องสมุดวิทยาเขตสวรรค์ประชารักษ์
►ส่วนจัดเก็บหนังสือเก่า สปร
บนชั้น
  ขอยืม
14. Book การพยาบาล
Book การพยาบาล
WY160 ม246ก ล.1 ฉ.8 
  Barcode: 037393
ห้องสมุดวิทยาเขตสวรรค์ประชารักษ์
►ส่วนจัดเก็บหนังสือเก่า สปร
บนชั้น
  ขอยืม
15. Book การพยาบาล
Book การพยาบาล
WY160 ม246ก ล.1 ฉ.9 
  Barcode: 037394
ห้องสมุดวิทยาเขตสวรรค์ประชารักษ์
►ส่วนจัดเก็บหนังสือเก่า สปร
บนชั้น
  ขอยืม

รายการใกล้เคียง
    หัวเรื่อง [การส่งเสริมสุขภาพจิต]

BibComment


ยังไม่เคยถูกคอมเมนท์

คอมเมนท์ทรัพยากรรายการนี้
  คอมเมนท์: เอกสารการสอนชุดวิ..


 Copyright 2026. Bcnsprnw @Library